|
|
|
|
| LEADER |
00000cas a2200000 c 4500 |
| 001 |
129566756 |
| 003 |
DE-627 |
| 005 |
20260119180018.0 |
| 007 |
tu |
| 008 |
931114d19421971be z| m| 0 |0dut c |
| 016 |
7 |
|
|a 011325844
|2 DE-101
|
| 016 |
7 |
|
|a 223866-4
|2 DE-600
|
| 022 |
|
|
|a 0770-1292
|
| 024 |
8 |
|
|a BSB-QK-Image-ID121886137710007356#131886583070007356
|q Identnummer
|
| 035 |
|
|
|a (DE-627)129566756
|
| 035 |
|
|
|a (DE-576)015038203
|
| 035 |
|
|
|a (DE-599)ZDB223866-4
|
| 035 |
|
|
|a (OCoLC)1071321694
|
| 035 |
|
|
|a (OCoLC)313518623
|
| 040 |
|
|
|a DE-627
|b ger
|c DE-627
|e rakwb
|
| 041 |
|
|
|a dut
|
| 044 |
|
|
|c XA-BE
|
| 082 |
0 |
4 |
|a 000
|a 800
|q DE-600
|
| 084 |
|
|
|a 7,23
|2 ssgn
|
| 084 |
|
|
|a BENELUX
|q DE-6
|2 fid
|
| 110 |
2 |
|
|e VerfasserIn
|0 (DE-588)2025695-4
|0 (DE-627)102202729
|0 (DE-576)191780111
|4 aut
|a Koninklijke Vlaamse Academie voor Wetenschappen, Letteren en Schone Kunsten van België
|b Klasse der Letteren
|
| 245 |
1 |
0 |
|a Mededelingen van de Koninklijke Vlaamse Academie voor Wetenschappen, Letteren en Schone Kunsten van België, Klasse der Letteren
|
| 247 |
1 |
0 |
|a Mededeelingen van de Koninklijke Vlaamsche Academie voor Wetenschappen, Letteren en Schone Kunsten van België, Klasse der Letteren
|f Hauptsacht. anfangs
|
| 264 |
3 |
1 |
|a Brussel
|b Akad.
|c 1942-1971
|
| 264 |
2 |
1 |
|a Antwerpen
|b Standaard-Boekhandel
|c früher
|
| 336 |
|
|
|a Text
|b txt
|2 rdacontent
|
| 337 |
|
|
|a ohne Hilfsmittel zu benutzen
|b n
|2 rdamedia
|
| 338 |
|
|
|a Band
|b nc
|2 rdacarrier
|
| 362 |
0 |
|
|a 4.1942 - 33.1971
|
| 363 |
0 |
0 |
|a 4
|i 1942
|
| 363 |
1 |
0 |
|i 1971
|a 33
|
| 500 |
|
|
|a Urh. teils: Koninklijke Vlaamse Academie voor Wetenschappen, Letteren en Schone Kunsten van België, Klasse der Letteren en der Moreele en Staatkundige Wetenschapen
|
| 591 |
|
|
|a C
|
| 655 |
|
7 |
|a Monografische Reihe
|0 (DE-588)4179998-7
|0 (DE-627)104628669
|0 (DE-576)209995106
|2 gnd-content
|
| 710 |
2 |
|
|e Herausgebendes Organ
|0 (DE-588)5005076-X
|0 (DE-627)102483647
|0 (DE-576)193329921
|4 isb
|a Koninklijke Vlaamse Academie voor Wetenschappen, Letteren en Schone Kunsten van België
|b Klasse der Letteren en der Moreele en Staatkundige Wetenschappen
|
| 785 |
0 |
0 |
|i Forts.
|a Koninklijke Academie voor Wetenschappen, Letteren en Schone Kunsten van België. Klasse der Letteren
|t Mededelingen van de Koninklijke Academie voor Wetenschappen, Letteren en Schone Kunsten van Belgie, Klasse der Letteren
|d Brussel : Paleis d. Acad., 1972
|w (DE-627)129428507
|w (DE-600)192041-8
|w (DE-576)014801663
|x 0770-1241
|k Non-Electronic
|
| 889 |
|
|
|w (DE-603)030554632
|
| 889 |
|
|
|w (DE-576)083058389
|
| 889 |
|
|
|w (DE-627)173977180X
|
| 935 |
|
|
|i sdedup20220728
|
| 951 |
|
|
|a ST
|
| BIB |
|
|
|a 1
|c 1
|
| ELC |
|
|
|b 1
|
| ITA |
|
|
|a 1
|t 1
|
| LOK |
|
|
|0 000 xxxxxcx a22 zn 4500
|
| LOK |
|
|
|0 001 2114156346
|
| LOK |
|
|
|0 003 DE-627
|
| LOK |
|
|
|0 004 129566756
|
| LOK |
|
|
|0 005 20001117000000
|
| LOK |
|
|
|0 008 970709||||||||||||||||ger|||||||
|
| LOK |
|
|
|0 040
|a DE-21
|c DE-627
|d DE-21
|
| LOK |
|
|
|0 852
|a DE-21
|
| LOK |
|
|
|0 852 1
|9 00
|
| LOK |
|
|
|0 935
|a dika
|
| LOK |
|
|
|0 939
|a 09-07-97
|b l01
|
| LOK |
|
|
|0 000 xxxxxcx a22 zn 4500
|
| LOK |
|
|
|0 001 2114156354
|
| LOK |
|
|
|0 003 DE-627
|
| LOK |
|
|
|0 004 129566756
|
| LOK |
|
|
|0 005 20060904145306
|
| LOK |
|
|
|0 008 050616||||||||||||||||ger|||||||
|
| LOK |
|
|
|0 040
|a DE-21-11
|c DE-627
|d DE-21-11
|
| LOK |
|
|
|0 852
|a DE-21-11
|
| LOK |
|
|
|0 852 1
|m p
|9 00
|
| LOK |
|
|
|0 935
|a i011
|a k011
|
| LOK |
|
|
|0 938
|k p
|
| LOK |
|
|
|0 939
|a 16-06-05
|b l01
|
| LOK |
|
|
|0 000 xxxxxcx a22 zn 4500
|
| LOK |
|
|
|0 001 2558171674
|
| LOK |
|
|
|0 003 DE-627
|
| LOK |
|
|
|0 004 129566756
|
| LOK |
|
|
|0 005 20071210095512
|
| LOK |
|
|
|0 008 071210||||||||||||||||ger|||||||
|
| LOK |
|
|
|0 040
|a DE-21-32a
|c DE-627
|d DE-21-32a
|
| LOK |
|
|
|0 852
|a DE-21-32a
|
| LOK |
|
|
|0 852 1
|m p
|9 00
|
| LOK |
|
|
|0 935
|a k32a
|a i32a
|a kneu
|
| LOK |
|
|
|0 938
|k p
|
| LOK |
|
|
|0 939
|a 10-12-07
|b l01
|
| LOK |
|
|
|0 000 xxxxxcx a22 zn 4500
|
| LOK |
|
|
|0 001 2640747649
|
| LOK |
|
|
|0 003 DE-627
|
| LOK |
|
|
|0 004 129566756
|
| LOK |
|
|
|0 005 20100707114546
|
| LOK |
|
|
|0 008 100707||||||||||||||||ger|||||||
|
| LOK |
|
|
|0 040
|a DE-21-14
|c DE-627
|d DE-21-14
|
| LOK |
|
|
|0 852
|a DE-21-14
|
| LOK |
|
|
|0 852 1
|m p
|9 00
|
| LOK |
|
|
|0 935
|a i014
|a k014
|
| LOK |
|
|
|0 938
|k p
|
| LOK |
|
|
|0 939
|a 07-07-10
|b l01
|
| LOK |
|
|
|0 000 xxxxxcx a22 zn 4500
|
| LOK |
|
|
|0 001 2694815618
|
| LOK |
|
|
|0 003 DE-627
|
| LOK |
|
|
|0 004 129566756
|
| LOK |
|
|
|0 005 20111111084327
|
| LOK |
|
|
|0 008 111111||||||||||||||||ger|||||||
|
| LOK |
|
|
|0 040
|a DE-21-45
|c DE-627
|d DE-21-45
|
| LOK |
|
|
|0 852
|a DE-21-45
|
| LOK |
|
|
|0 852 1
|m p
|9 00
|
| LOK |
|
|
|0 935
|a k045
|a i045
|
| LOK |
|
|
|0 938
|k p
|
| LOK |
|
|
|0 939
|a 11-11-11
|b l01
|
| ORI |
|
|
|a SA-MARC-ixtheob001.raw
|
| REL |
|
|
|a 1
|
| SPR |
|
|
|a 1
|t BIB
|t IXT
|t REL
|
| SUB |
|
|
|a REL
|